000 00389nam a22001697a 4500
005 20180203163654.0
008 160630b xxu||||| |||| 00| 0 eng d
020 _a978-81-89757-70-0
041 _aeng
082 _b13544
_a005.133
100 _aJha, Sk
_93216
245 _aProgramming in C
260 _bKatson
300 _a520
650 _aInformation Technology
_9137
942 _cBK
999 _c4892
_d4890